| 000 | 00460nam a2200193Ia 4500 | ||
|---|---|---|---|
| 005 | 20221205135917.0 | ||
| 008 | 131103s9999 xx 000 0 und d | ||
| 020 | _a571097146 | ||
| 040 | _aLoreto College | ||
| 041 | _aEnglish | ||
| 082 |
_a821.91 _bHUG |
||
| 100 | _aHughes, Ted | ||
| 245 |
_aWodwo _cTed Hughes |
||
| 260 |
_aLondon _bFaber and Faber _c1971 |
||
| 300 | _a184p. | ||
| 650 | _aEnglish poetry- 1900-1999 | ||
| 850 | _aLCLIB | ||
| 942 | _cBK | ||
| 999 |
_c21659 _d72138 |
||